| 000 | 00393nam a2200145Ia 4500 | ||
|---|---|---|---|
| 008 | 230917s9999||||xx |||||||||||||| ||und|| | ||
| 040 |
_e8888 _aMAIN |
||
| 041 | _aEnglish | ||
| 082 | _a327.47 H675S | ||
| 100 | _aHoffmann, Erik P | ||
| 245 | 0 | _aScientific technological revolution and Soviet foreign policy | |
| 260 |
_aNew York _bPergamon Press _c1982 |
||
| 300 | _axiv, 241 p. | ||
| 942 | _cBK | ||
| 999 |
_c39527 _d39527 |
||